000 00403nam a2200181Ia 4500
008 210210b1942 xxu||||| |||| 00| 0 eng d
041 _aeng
082 _a871/169
100 _aTHAMPURA (C K)
245 _aLakshmi swayam varam (kilipatt)
260 _a
_b-
_c1942
650 _avaram
650 _aswayam
650 _aLakshmi
650 _a(kilipatt)
690 _aMalayalam
906 _a002435
999 _c124366
_d124366